LEADER 01314nam0 22003251i 450 001 UON00512734 005 20231205105507.26 100 $a20230323d1968 |0itac50 ba 101 $aita 102 $aIT 105 $a|||| ||||| 200 1 $aAlbert Einstein$el'*uomo e lo scienziato$ela teoria della relatività e la sua influenza sul mondo contemporaneo$fLeopold Infeld 205 $a6. ed 210 $aTorino$cEinaudi$dstampa 1968 215 $a145 p.$d18 cm 316 $aDono del Goethe-Institut di Napoli$5IT-UONSI F. Goethe530EIN/0786 410 1$1001UON00016883$12001 $aPiccola Biblioteca Einaudi$v23 606 $aEINSTEIN ALBERT$3UONC049507$2FI 606 $aRELATIVITA'$xTeoria$3UONC049502$2FI 620 $aIT$dTorino$3UONL000014 676 $a530.092$cFisica. Persone$v21 700 1$aInfeld$bLeopold$3UONV138960$00 702 1$aNICOTRA$bOrazio$3UONV205675$4730 712 $aEinaudi$3UONV246211$4650 801 $aIT$bSOL$c20250314$gRICA 899 $aSIBA - SISTEMA BIBLIOTECARIO DI ATENEO$2UONSI 912 $aUON00512734 950 $aSIBA - SISTEMA BIBLIOTECARIO DI ATENEO$dSI F. Goethe 530 EIN 0786 $eSI 41327 5 0786 Dono del Goethe-Institut di Napoli 996 $aAlbert Einstein$937545 997 $aUNIOR